000 00277nam a22000977a 4500
999 _c511572
_d511572
082 _aB3N42 M691
245 _aEuropean Union and India
_bPartners in progress
260 _aNew Delhi
_bAmbassador Micheal Caillouet
_c2003
300 _a47p.
650 _aPublic administration
_911648